Poshakathottam (Krishi Shastra Prasidheekaranam) (Record no. 18976)
[ view plain ]
| 000 -LEADER | |
|---|---|
| fixed length control field | 00375nam a22001337a 4500 |
| 003 - CONTROL NUMBER IDENTIFIER | |
| control field | OSt |
| 008 - FIXED-LENGTH DATA ELEMENTS--GENERAL INFORMATION | |
| fixed length control field | 250107b |||||||| |||| 00| 0 eng d |
| 041 ## - LANGUAGE CODE | |
| Language code of text/sound track or separate title | Malayalam |
| 082 ## - DEWEY DECIMAL CLASSIFICATION NUMBER | |
| Classification number | 635.01 |
| 100 ## - MAIN ENTRY--AUTHOR NAME | |
| Personal name | Gopalakrishnan |
| 245 ## - TITLE STATEMENT | |
| Title | Poshakathottam (Krishi Shastra Prasidheekaranam) |
| 260 ## - PUBLICATION, DISTRIBUTION, ETC. (IMPRINT) | |
| Name of publisher | Directorate of Extension, Kerala Agricultural University, |
| Year of publication | 1980. |
| 942 ## - ADDED ENTRY ELEMENTS (KOHA) | |
| Koha item type | Books |
| Withdrawn status | Lost status | Damaged status | Home library | Current library | Date acquired | Cost, normal purchase price | Accession Number | Koha item type | Public note |
|---|---|---|---|---|---|---|---|---|---|
| Withdrawn | KAUAET | KAUAET | 07/01/2025 | 1.25 | 14107 | Books | Withdrawn as per order no A3-2738/87/K Dis dated 3-11-89 | ||
| Withdrawn | KAUAET | KAUAET | 07/01/2025 | 1.25 | 14110 | Books | |||
| KAUAET | KAUAET | 07/01/2025 | 1.25 | 14113 | Books |
